|
|
|
|
| LEADER |
02812nam a2200661 ia4500 |
| 001 |
001134836 |
| 003 |
CZ BrMZK |
| 005 |
20180409082312.0 |
| 007 |
ta |
| 008 |
110112m20082012xxka e p 000 0 eng |
| 020 |
|
|
|a 978-0-19-476809-2
|q (student's book :
|q brožováno)
|
| 020 |
|
|
|a 978-0-19-476812-2
|q (student's book :
|q CD-ROM)
|
| 020 |
|
|
|a 978-0-19-476815-3
|q (teacher's book :
|q brožováno)
|
| 020 |
|
|
|a 978-0-19-476817-7
|q (teacher's book :
|q DVD)
|
| 020 |
|
|
|a 978-0-19-476813-9
|q (class :
|q CDs)
|
| 020 |
|
|
|a 978-0-19-473930-6
|q (DVD-ROM)
|
| 040 |
|
|
|a BOA001
|b cze
|e rda
|
| 072 |
|
7 |
|a 811.111
|x Angličtina
|2 Konspekt
|9 11
|
| 072 |
|
7 |
|a 37.016
|x Učební osnovy. Vyučovací předměty. Učebnice
|2 Konspekt
|9 22
|
| 080 |
|
|
|a 811.111
|2 MRF
|
| 080 |
|
|
|a 339
|2 MRF
|
| 080 |
|
|
|a 81'373.46
|2 MRF
|
| 080 |
|
|
|a (07.063)81
|2 MRF
|
| 080 |
|
|
|a (072)
|2 MRF
|
| 080 |
|
|
|a (086.76)
|2 MRF
|
| 100 |
1 |
|
|a Duckworth, Michael
|7 xx0015725
|4 aut
|
| 245 |
1 |
0 |
|a Business result :
|b upper-intermediate /
|c Michael Duckworth & Rebecca Turner
|
| 250 |
|
|
|a 1st published
|
| 264 |
|
1 |
|a Oxford :
|b Oxford University Press,
|c 2008-2012
|
| 300 |
|
|
|a 4 svazky :
|b barevné ilustrace ;
|c 12-28 cm
|
| 336 |
|
|
|a text
|b txt
|2 rdacontent
|
| 336 |
|
|
|a mluvené slovo
|b spw
|2 rdacontent
|
| 336 |
|
|
|a dvojrozměrný pohyblivý obraz
|b tdi
|2 rdacontent
|
| 337 |
|
|
|a bez média
|b n
|2 rdamedia
|
| 337 |
|
|
|a audio
|b s
|2 rdamedia
|
| 337 |
|
|
|a video
|b v
|2 rdamedia
|
| 338 |
|
|
|a svazek
|b nc
|2 rdacarrier
|
| 338 |
|
|
|a audiodisk
|b sd
|2 rdacarrier
|
| 338 |
|
|
|a videodisk
|b vd
|2 rdacarrier
|
| 500 |
|
|
|a Autor CD-ROMu k student's book Alastair Lane
|
| 505 |
0 |
|
|a student's book. 2008. 167 stran + 1 CD-ROM (interactive workbook) -- teacher's book / John Hughes. 2008. 136 stran + 1 DVD (teacher training) -- class CDs. 2008. 2 audio CD -- interactive workbook / Alastair Lane & Chris Speck. 2012. 1 DVD-ROM
|
| 650 |
0 |
7 |
|a angličtina
|7 ph114056
|2 czenas
|
| 650 |
0 |
7 |
|a obchod
|7 ph115513
|2 czenas
|
| 650 |
0 |
7 |
|a oborová terminologie
|7 ph138998
|2 czenas
|
| 653 |
0 |
|
|a jazyková úroveň B1
|a jazyková úroveň B2
|
| 655 |
|
7 |
|a jazykové učebnice, texty, příručky (B)
|7 fd600891
|2 czenas
|
| 655 |
|
7 |
|a metodické příručky
|7 fd132826
|2 czenas
|
| 655 |
|
7 |
|a CD-ROM
|7 fd133955
|2 czenas
|
| 655 |
|
7 |
|a DVD
|7 fd186912
|2 czenas
|
| 655 |
|
7 |
|a kompaktní desky
|7 fd201991
|2 czenas
|
| 700 |
1 |
|
|a Turner, Rebecca
|7 pna2009482639
|4 aut
|
| 700 |
1 |
|
|a Hughes, John
|7 pna2006322406
|4 aut
|
| 700 |
1 |
|
|a Lane, Alastair
|7 pna2009482640
|4 aut
|
| 700 |
1 |
|
|a Speck, Chris
|7 pna2013766192
|4 aut
|
| 910 |
|
|
|a BOA001
|b AK-0006.435
|s student's book, teacher's book, class CDs
|b CDR-1400.628
|
| 990 |
|
|
|a BK
|
| 991 |
|
|
|x 99
|
| 996 |
3 |
|
|b 2610737897
|c CDR-1400.628
|d 4, DVD-ROM
|v 4
|l Stud. periodik/2.patro
|r Sklad / do 1 hodiny
|n 0
|p dar
|w 001164506
|u 000070
|a 1
|e BOA001
|j MZK50
|s N
|